Kingdom Rush 4th Tier Towers - Statistics

General Stats
  • This quiz has been taken 53 times
  • The average score is 4 of 8
Answer Stats
Description Damage Cost Tower % Correct
"The 500mm siege gun is the biggest, baddest, piece of artillery in the block." 50-100 400 Big Bertha
80%
"These wizards focus on altering reality; as well as shooting the deadliest magical ray known to man." 76-141 300 Arcane Wizard
74%
"Trains Paladins, an order of Holy Warriors. They are paragons of divine protection and heavenly defense." 12-18 230 Holy Order
59%
"Savage warriors that will quickly clear a battlefield, usually at the cost of their own lives." 16-24 230 Barbarian Hall
57%
"Legendary masters of the bow, they can unleash a hail of arrows faster and further than any other force in the realm." 13-19 230 Rangers Hideout
52%
"Dwarven engineering at its finest, harnessing the power of a thousand thunderstorms. Who should we aim it at?" 60-110 400 Tesla x104
43%
"Patient, careful, and deadly accurate long-range deadeye shooters, with advanced weaponry." 35-65 230 Musketeer Garrison
35%
"These wizards handle forces that are close to darkness, weaving spells that temporary lower enemy armor and deal damage." 42-78 300 Sorcerer Mage
35%
No matching quizzes found
Score Distribution
Percent of People with Each Score
Percentile by Number Answered
Your Score History
You have not taken this quiz